[Event "handjes wassen voor het eten tournooiup to  1200 r"]
[Site "SchemingMind.com"]
[Date "2018.07.04"]
[Round "-"]
[White "Chessibelle"]
[Black "Henk Miedema"]
[Result "1-0"]
[WhiteCountry "ENG"]
[BlackCountry "NED"]
[WhiteElo "1263"]
[WhiteRD "57"]
[BlackElo "939"]
[BlackRD "73"]
[GameID "430039"]

1. e4 e5 2. Nf3 d6 3. d3 f6 4. Be2 Be6 5. O-O d5 6. Bd2 d4 7. a3 Qd7 8. c3 Qf7 9. b4 Bb3 10. Qc1 Bd6
11. g3 Ne7 12. Qb2 O-O 13. c4 Ba4 14. Be1 Bd7 15. b5 Bh3 16. Bd2 Bxf1 17. Bxf1 Bc5 18. Ba5 b6 19. Bd2 Nd7 20. a4 Nb8
21. Be1 Ng6 22. Nbd2 Qe7 23. Rb1 Ba3 24. Qa2 Bb4 25. Nb3 Bc5 26. Nfd2 Bd6 27. Nf3 a5 28. Bg2 Nd7 29. Qc2 f5 30. Bd2 c5
31. Bg5 Qe6 32. Bd2 f4 33. Bc1 Nf6 34. Ng5 Qe7 35. Qe2 Nd7 36. Qh5 Nf6 37. Qf3 Qd7 38. h3 Be7 39. Bd2 Ne8 40. Be1 Bxg5
41. Nd2 Rf6 42. Qe2 Nd6 43. Nf3 Bh6 44. g4 Rf7 45. Nh2 Bg5 46. f3 Re8 47. Bf2 Qe7 48. Qe1 Bh4 49. Qe2 Ref8 50. g5 Bxg5
51. Ng4 Bh4 52. Be1 Bg5 53. Bf2 Rf6 54. Qe1 Qe6 55. h4 R6f7 56. hxg5 Qe7 57. Kf1 Qxg5 58. Ke2 Qh5 59. Qd2 Ne7 60. Be1 Qg6
61. Bh3 Qh6 62. Bf1 Qg6 63. Kd1 Qg5 64. Kc2 Ng6 65. Qh2 Nh8 66. Bh4 Qg6 67. Nxe5 Qh5 68. Ng4 Ng6 69. Nf2 Nxh4 70. Bh3 Nxf3
71. Qg2 Ne5 72. Rh1 Ng6 73. Bg4 Qg5 74. Qh2 Nh4 75. Rg1 f3 76. Qxd6 Qe3 77. Rf1 Qe2+ 78. Kb3 Qxf1 79. Bh3 Qxf2 80. Qxb6 Qe3
81. Bf1 Ng2 82. Qxc5 Ne1 83. e5 Nxd3 84. Qd6 Nc1+ 85. Kb2 Qd2+ 86. Kb1 d3 87. e6 Qd1 88. exf7+ Rxf7 89. b6 Nb3+ 90. Ka2 Qc2+
91. Ka3 h6 92. b7 Qxc4 93. b8=Q+ Kh7 94. Bxd3+ g6 95. Qxg6#
1-0

[Event "handjes wassen voor het eten tournooiup to  1200 r"]
[Site "SchemingMind.com"]
[Date "2018.07.04"]
[Round "-"]
[White "nammy"]
[Black "Chessibelle"]
[Result "0-1"]
[WhiteCountry "ENG"]
[BlackCountry "ENG"]
[WhiteElo "837"]
[WhiteRD "78"]
[BlackElo "1263"]
[BlackRD "57"]
[GameID "430040"]

1. d4 d5 2. e3 Bd7 3. Bd3 Be6 4. c3 Nc6 5. f3 Nf6 6. Qc2 g6 7. Ne2 Bg7 8. O-O O-O 9. Qd2 a6 10. b3 b5
11. Bb2 Qd6 12. g3 Bd7 13. Qe1 e5 14. Nd2 Bh6 15. a3 Bxe3+ 16. Kh1 Bg5 17. Rg1 Nh5 18. Nc1 f5 19. Na2 Rae8 20. Nf1 Ne7
21. h4 Bf6 22. Nh2 Qe6 23. Bc1 f4 24. g4 Ng3+ 25. Kg2 g5 26. Qd1 gxh4 27. Bc2 Bc6 28. Bd2 exd4 29. Bxf4 Qd7 30. Qd3 Ng6
31. cxd4 Qg7 32. Nc3 Re7 33. Bd1 Nxf4+ 34. Kf2 Bxd4+ 35. Qxd4 Qxd4#
0-1

[Event "handjes wassen voor het eten tournooiup to  1200 r"]
[Site "SchemingMind.com"]
[Date "2018.07.04"]
[Round "-"]
[White "nammy"]
[Black "Henk Miedema"]
[Result "0-1"]
[WhiteCountry "ENG"]
[BlackCountry "NED"]
[WhiteElo "864"]
[WhiteRD "75"]
[BlackElo "916"]
[BlackRD "74"]
[GameID "430041"]

1. d4 d5 2. Be3 e6 3. Nd2 Bd6 4. c3 Nf6 5. Qc2 Qe7 6. Nb3 c6 7. Bd2 Na6 8. e3 Bd7 9. O-O-O e5 10. Be2 e4
11. f3 Qd8 12. Kb1 Bf5 13. Na5 Rb8 14. Bf1 Qxa5 15. Rc1 Bd7 16. f4 Ng4 17. h3 Nf6 18. Be2 O-O 19. Qd1 c5 20. Be1 c4
21. Bf1 b5 22. g4 Qc7 23. g5 Ne8 24. Ne2 Qc8 25. Ng3 b4 26. Ka1 b3 27. a3 g6 28. Rh2 Ba4 29. Qe2 Nec7 30. Kb1 Qe8
31. Qf2 Rb7 32. Rg2 Bd7 33. Rh2 Qe7 34. Be2 Rbb8 35. Nf1 Nb5 36. Nd2 Bf5 37. Bf1 Rbc8 38. Qe2 Qd7 39. Qf2 Nb8 40. Be2 a5
41. Bd1 a4 42. h4 Qe7 43. Nf1 Na6 44. Ng3 Bxa3 45. Qd2 Bd6 46. Ne2 a3 47. Ng3 a2+ 48. Ka1 Ra8 49. h5 Bd7 50. Rh4 Be6
51. Be2 Nac7 52. Nf1 Bf5 53. Bd1 Na6 54. Ng3 Qd7 55. Qe2 Nac7 56. Rh1 Be6 57. Qh2 Ne8 58. hxg6 fxg6 59. Be2 Nec7 60. Bf2 Rf7
61. Qh4 Ra5 62. Rcg1 Kh8 63. Nh5 Ne8 64. Qh2 Bf5 65. Qh4 Nec7 66. Ng3 Ra8 67. Qh6 Ne8 68. Bd1 Nec7 69. Re1 Qe6 70. Be2 Kg8
71. Reg1 Rg7 72. Rg2 Bf8 73. Rgh2 Rf7 74. Qh4 Qe7 75. Nh5 Kh8 76. Bf1 Na3 77. Bh3 Nc2#
0-1

[Event "handjes wassen voor het eten tournooiup to  1200 r"]
[Site "SchemingMind.com"]
[Date "2018.07.09"]
[Round "-"]
[White "Martin E. Hardwick"]
[Black "nammy"]
[Result "1-0"]
[WhiteCountry "ENG"]
[BlackCountry "ENG"]
[WhiteElo "1207"]
[WhiteRD "127"]
[BlackElo "830"]
[BlackRD "77"]
[GameID "430048"]

1. d4 d5 2. Nf3 e6 3. e3 Nc6 4. Nc3 Bd6 5. Bd3 a6 6. e4 Nge7 7. e5 Bb4 8. Bd2 O-O 9. a3 Ba5 10. O-O Bd7
11. Nb1 Bb6 12. Bg5 Na5 13. Bxe7 Qxe7 14. c3 c6 15. Nbd2 Bc7 16. Nb3 b6 17. Nxa5 bxa5 18. c4 Rab8 19. Rb1 f6 20. cxd5 cxd5
21. Re1 f5 22. Qc2 Rbe8 23. Qxc7 Qf7 24. Bxa6 Re7 25. Qd6 Rfe8 26. Rec1 Ba4 27. Rc8 Bb3 28. Rxe8+ Rxe8 29. Rc1 Qg6 30. Rc8 Qf7
31. Qc6 Rf8 32. Qb7 Qg6 33. Rxf8+ Kxf8 34. Qxb3 Qh6 35. Qb8+ Kf7 36. Qc7+ Kg6 37. Qc2 Qh5 38. b4 Kh6 39. b5 g5 40. Qd2 Kg6
41. Qxg5+ Qxg5 42. Nxg5 Kxg5 43. g3 h5 44. h4+ Kg4 45. b6 Kf3 46. b7 Kg4 47. b8=Q Kh3 48. Bf1+ Kg4 49. Qg8+ Kf3 50. Qxe6 Ke4
51. Bg2+ Kxd4 52. Qxf5 Kc4 53. e6 d4 54. e7 Kb3 55. e8=Q Kxa3 56. Qd3+ Kb2 57. Qeb5+ Kc1 58. Qbb1#
1-0

[Event "handjes wassen voor het eten tournooiup to  1200 r"]
[Site "SchemingMind.com"]
[Date "2018.07.05"]
[Round "-"]
[White "Chessibelle"]
[Black "Martin E. Hardwick"]
[Result "0-1"]
[WhiteCountry "ENG"]
[BlackCountry "ENG"]
[WhiteElo "1216"]
[WhiteRD "57"]
[BlackElo "1149"]
[BlackRD "136"]
[GameID "430049"]

1. e4 e5 2. Nf3 Nc6 3. d3 Nf6 4. Nc3 d6 5. Be2 h6 6. O-O Be7 7. g3 Be6 8. b3 d5 9. Bd2 d4 10. Nb5 a6
11. Na3 Bxa3 12. Nh4 Bb4 13. Bc1 Bc3 14. Rb1 Qd7 15. Re1 Bxe1 16. Qxe1 Bg4 17. f3 Be6 18. Qd1 O-O 19. Qe1 Rfd8 20. Qf1 Bh3
21. Ng2 Nb4 22. Qd1 Nxa2 23. Ra1 Nc3 24. Qe1 Nxe2+ 25. Qxe2 Bxg2 26. Qxg2 Qc6 27. Bd2 Qxc2 28. Ra3 Re8 29. Qe2 Qb1+ 30. Kg2 c5
31. f4 Qb2 32. Kh3 Qxa3 33. f5 Qxb3 34. Kg2 a5 35. Qe1 a4 36. h3 a3 37. h4 a2 38. g4 a1=Q 39. Qf2 Qxd3 40. g5 Qxe4+
41. Kh3 Ra3+ 42. Kh2 Qah1#
0-1

[Event "handjes wassen voor het eten tournooiup to  1200 r"]
[Site "SchemingMind.com"]
[Date "2018.07.07"]
[Round "-"]
[White "Henk Miedema"]
[Black "Martin E. Hardwick"]
[Result "0-1"]
[WhiteCountry "NED"]
[BlackCountry "ENG"]
[WhiteElo "939"]
[WhiteRD "73"]
[BlackElo "1093"]
[BlackRD "152"]
[GameID "430050"]

1. d4 d5 2. e3 Nf6 3. b3 Nc6 4. Nf3 e6 5. Bb2 Bd7 6. Nc3 Bd6 7. Bd3 e5 8. O-O e4 9. Ne1 exd3 10. Nxd3 O-O
11. Qc1 a6 12. f3 Bb4 13. Ne2 Bf5 14. c3 Bxd3 15. cxb4 Nxb4 16. Ba3 a5 17. Qd2 Re8 18. Rfc1 Bxe2 19. Qxe2 c6 20. Bb2 Qb6
21. g3 Qb5 22. Qd2 Nd3 23. Rcb1 Nxb2 24. Rxb2 Qb6 25. a3 Qc7 26. b4 b6 27. b5 c5 28. Rc1 c4 29. a4 Qe7 30. Kf2 Ne4+
31. Kg2 Nxd2 32. Re1 Qa3 33. Rxd2 Qxa4 34. Rb1 Qa3 35. Rbb2 c3 36. Ra2 Qb3 37. Kf2 cxd2 38. Rxd2 a4 39. h4 a3 40. Ke2 a2
41. Rd3 Qb1 42. f4 a1=Q 43. Kf3 Qf1+ 44. Kg4 Qxd3
0-1

[Event "handjes wassen voor het eten tournooiup to  1200 r"]
[Site "SchemingMind.com"]
[Date "2018.07.09"]
[Round "-"]
[White "Kwame"]
[Black "nammy"]
[Result "1-0"]
[WhiteCountry "USA"]
[BlackCountry "ENG"]
[WhiteElo "980"]
[WhiteRD "82"]
[BlackElo "856"]
[BlackRD "78"]
[GameID "430051"]

1. e4 e5 2. Bd3 f6 3. Nc3 c6 4. Qh5+ g6 5. Qh4 Qc7 6. Nf3 Be7 7. O-O h6 8. b3 d6 9. Bb2 Bd7 10. Qg3 Be6
11. Qxg6+ Kd7 12. Qg7 c5 13. Qxh8 Nc6 14. Qg7 b6 15. Ba6 Rd8 16. Bb5 Kc8 17. Ba6+ Kb8 18. Bb5 Na5 19. Ba6 Qd7 20. Rfe1 Nc6
21. d3 d5 22. Rad1 Nb4 23. Rd2 Re8 24. Bb5 Qc8 25. Ba3 Rd8 26. Bxb4 Bd6 27. Ba3 Ka8 28. Nxd5 a6 29. Nxb6+ Kb8 30. Nxc8 Rxc8
31. Bxa6 Rd8 32. Qh7 f5 33. Qb7#
1-0

[Event "handjes wassen voor het eten tournooiup to  1200 r"]
[Site "SchemingMind.com"]
[Date "2018.07.07"]
[Round "-"]
[White "Chessibelle"]
[Black "Kwame"]
[Result "1-0"]
[WhiteCountry "ENG"]
[BlackCountry "USA"]
[WhiteElo "1238"]
[WhiteRD "58"]
[BlackElo "963"]
[BlackRD "81"]
[GameID "430052"]

1. e4 c5 2. Nc3 a6 3. Nf3 Nc6 4. Be2 d6 5. O-O e5 6. d3 h6 7. h4 Bg4 8. g3 Nf6 9. a3 Bh3 10. Re1 d5
11. Bd2 Ng4 12. Nxd5 Ne7 13. c4 Nc6 14. Bc3 Rb8 15. b4 Ne7 16. Qd2 Nc8 17. Bb2 Qd7 18. Qc3 Nb6 19. Nxb6 Qd6 20. Nd5 Nf6
21. Ne3 g6 22. Nxe5 Qd7 23. Nxd7 Bxd7 24. Qxf6 Ba4 25. Qe5+ Kd8 26. Qxb8+ Ke7 27. Nd5+ Ke6 28. Qe5+ Kd7 29. Nf6+ Kd8 30. Bg4 Bc2
31. Qd5+ Ke7 32. Qd7#
1-0

[Event "handjes wassen voor het eten tournooiup to  1200 r"]
[Site "SchemingMind.com"]
[Date "2018.07.05"]
[Round "-"]
[White "Kwame"]
[Black "Martin E. Hardwick"]
[Result "1/2-1/2"]
[WhiteCountry "USA"]
[BlackCountry "ENG"]
[WhiteElo "980"]
[WhiteRD "82"]
[BlackElo "1149"]
[BlackRD "136"]
[GameID "430053"]

1. e4 e5 2. d3 Nc6 3. f4 d6 4. f5 Bd7 5. Nc3 h6 6. Be3 Be7 7. Qd2 Bg5 8. O-O-O Bxe3 9. Qxe3 Qg5 10. Qxg5 hxg5
11. Be2 Nf6 12. h3 Nd4 13. Nf3 Nxe2+ 14. Nxe2 g4 15. Ng5 Nh7 16. Nxh7 Rxh7 17. Nc3 gxh3 18. Nd5 O-O-O 19. gxh3 Bc6 20. Ne7+ Kb8
21. Nxc6+ bxc6 22. d4 f6 23. c3 exd4 24. cxd4 Rhh8 25. Rde1 Rde8 26. a4 Rh4 27. b4 Rexe4 28. Rxe4 Rxe4 29. Rg1 Rxd4 30. Rxg7 Rxb4
31. Rg8+ Kb7 32. Rf8 Rxa4 33. Rxf6 Rf4 34. Kd2 Rf3 35. h4 Rh3 36. Rh6 Rf3 37. Rh5 Rf2+ 38. Ke3 Rf1 39. Ke4 Re1+ 40. Kf4 Rf1+
41. Kg4 Rg1+ 42. Kf4 Rf1+ 43. Kg5 Rg1+ 44. Kf4 Rf1+ 45. Kg5 Rg1+ 46. Kf6 d5 47. Ke5 Re1+ 48. Kf6 d4 49. Rg5 Kb6 50. Rg3 Kc5
51. h5 Rh1 52. Kg6 Kc4 53. f6 d3 54. f7 Rf1 55. Rg2 Kc3 56. Kg7 d2 57. Rg3+ Kc2 58. h6 d1=Q 59. h7 Qd4+ 60. Kg8 Qd8+
61. Kg7 Qd4+ 62. Kf8 Qd8+ 63. Kg7 Qd4+ 64. Kf8 Qd8+ 65. Kg7 Qd4+ 66. Kg8 Qd8+ 67. Kg7=
1/2-1/2

[Event "handjes wassen voor het eten tournooiup to  1200 r"]
[Site "SchemingMind.com"]
[Date "2018.07.07"]
[Round "-"]
[White "Henk Miedema"]
[Black "Kwame"]
[Result "0-1"]
[WhiteCountry "NED"]
[BlackCountry "USA"]
[WhiteElo "939"]
[WhiteRD "73"]
[BlackElo "977"]
[BlackRD "85"]
[GameID "430054"]

1. d4 Nc6 2. e3 e5 3. b3 d5 4. Nf3 Bg4 5. c4 Bb4+ 6. Bd2 Bxd2+ 7. Qxd2 Nf6 8. c5 O-O 9. Nc3 Re8 10. O-O-O Nb4
11. a4 Bf5 12. dxe5 Nd7 13. Qd4 Nc6 14. h4 Nxd4 15. Nxd4 Rxe5 16. Nf3 c6 17. Nxe5 Nxe5 18. f3 Qa5 19. Kb2 Qxc5 20. h5 Qxe3
21. h6 gxh6 22. Rxh6 a5 23. Ne2 Qxh6 24. Rc1 Qd2+ 25. Ka3 Nc4+ 26. bxc4 d4 27. g4 Be6 28. c5 d3 29. Rb1 Bc4 30. Rxb7 dxe2
31. Bxe2 Qc1+ 32. Rb2 Bd5 33. Bd3 Qa1+
0-1

[Event "handjes wassen voor het eten tournooiup to  1200 r"]
[Site "SchemingMind.com"]
[Date "2018.07.10"]
[Round "-"]
[White "John Hamer"]
[Black "nammy"]
[Result "1-0"]
[WhiteCountry "ENG"]
[BlackCountry "ENG"]
[WhiteElo "2015"]
[WhiteRD "72"]
[BlackElo "856"]
[BlackRD "78"]
[GameID "430092"]

1. e4 e5 2. Nf3 Nc6 3. Bc4 Nh6 4. O-O Na5 5. Be2 Be7 6. Nxe5 O-O 7. c4 d6 8. Nf3 c6 9. d4 b6 10. Be3 Qd7
11. b4 Nb7 12. Nc3 Ng4 13. Bd2 a5 14. a3 c5 15. Nd5 Bd8 16. Rc1 f6 17. h3 Nh6 18. bxc5 bxc5 19. Re1 g6 20. Bxh6 Re8
21. e5 dxe5 22. dxe5 fxe5 23. Bd3 Nd6 24. Nxe5 Qa7 25. Nc6 Qa6 26. Rxe8+ Nxe8 27. Qf3 Bd7 28. Qf8#
1-0

[Event "handjes wassen voor het eten tournooiup to  1200 r"]
[Site "SchemingMind.com"]
[Date "2018.07.08"]
[Round "-"]
[White "Martin E. Hardwick"]
[Black "John Hamer"]
[Result "0-1"]
[WhiteCountry "ENG"]
[BlackCountry "ENG"]
[WhiteElo "1149"]
[WhiteRD "136"]
[BlackElo "2015"]
[BlackRD "72"]
[GameID "430093"]

1. d4 Nf6 2. Nf3 d5 3. Bf4 e6 4. e3 c5 5. Bb5+ Bd7 6. Bxd7+ Nbxd7 7. O-O Be7 8. Nbd2 O-O 9. Rc1 Rc8 10. c4 b6
11. cxd5 exd5 12. Re1 Re8 13. Ne5 h6 14. Nxd7 Nxd7 15. e4 Nf8 16. e5 Ne6 17. Qf3 Nxd4 18. Qg3 Bh4 19. Qe3 g5 20. Bg3 Bxg3
21. Qxg3 Rc6 22. Nb3 Nf5 23. Qf3 Nh4 24. Qf6 Rxf6 25. exf6 Rf8 26. Re7 Ng6 27. Rxa7 Qxf6 28. Rc2 Re8 29. Kf1 Qe6 30. Rc1 Qe2+
31. Kg1 Qe1+ 32. Rxe1 Rxe1#
0-1

[Event "handjes wassen voor het eten tournooiup to  1200 r"]
[Site "SchemingMind.com"]
[Date "2018.07.08"]
[Round "-"]
[White "Kwame"]
[Black "John Hamer"]
[Result "0-1"]
[WhiteCountry "USA"]
[BlackCountry "ENG"]
[WhiteElo "977"]
[WhiteRD "85"]
[BlackElo "2028"]
[BlackRD "74"]
[GameID "430094"]

1. e4 c6 2. Bc4 d5 3. Bb3 dxe4 4. Qh5 g6 5. Qh4 Nf6 6. Nc3 Bg7 7. Nge2 Bf5 8. O-O O-O 9. Rd1 Nbd7 10. d3 exd3
11. cxd3 Nc5 12. Be3 Nfd7 13. d4 Na6 14. a3 Qb6 15. Qxe7 Qxb3 16. Rd2 Nf6 17. Bf4 Rfe8 18. Qd6 Rad8 19. a4 Rxd6 20. Bxd6 Ne4
21. Nc1 Qe6 22. Ba3 Nxd2 23. N1e2 Bd3 24. Re1 Bxd4 25. b3 Qf6 26. Bb2 Qxf2+ 27. Kh1 Qxe1+ 28. Ng1 Qxg1#
0-1

[Event "handjes wassen voor het eten tournooiup to  1200 r"]
[Site "SchemingMind.com"]
[Date "2018.07.08"]
[Round "-"]
[White "Henk Miedema"]
[Black "John Hamer"]
[Result "0-1"]
[WhiteCountry "NED"]
[BlackCountry "ENG"]
[WhiteElo "960"]
[WhiteRD "73"]
[BlackElo "2025"]
[BlackRD "72"]
[GameID "430095"]

1. d4 Nf6 2. e3 d5 3. b3 e6 4. c4 c6 5. Nc3 Nbd7 6. Nf3 Bd6 7. a3 O-O 8. Be2 g6 9. O-O Re8 10. b4 dxc4
11. Bxc4 b5 12. Bb3 Bb7 13. a4 Bxb4 14. Ne2 Bd6 15. g3 a5 16. axb5 cxb5 17. Qd3 Bxf3 18. Qd1 a4 19. Bc2 Qc8 20. Qd2 e5
21. Ra2 e4 22. Ba3 Bxa3 23. Rxa3 Nd5 24. Bd3 exd3 25. Qxd3 b4 26. Raa1 Ne5 27. Qd2 Qh3
0-1

[Event "handjes wassen voor het eten tournooiup to  1200 r"]
[Site "SchemingMind.com"]
[Date "2018.07.07"]
[Round "-"]
[White "John Hamer"]
[Black "Chessibelle"]
[Result "1-0"]
[WhiteCountry "ENG"]
[BlackCountry "ENG"]
[WhiteElo "2025"]
[WhiteRD "72"]
[BlackElo "1238"]
[BlackRD "58"]
[GameID "430096"]

1. c4 e5 2. Nc3 d6 3. d4 Bd7 4. Nf3 Nc6 5. e4 Be7 6. Be3 b6 7. Be2 Nf6 8. O-O O-O 9. dxe5 dxe5 10. Qc2 a5
11. h3 g6 12. Rad1 Qc8 13. a3 Nd8 14. Nxe5 Be6 15. f4 Qb7 16. f5 gxf5 17. exf5 Bc8 18. Bh6 Re8 19. Bf3 c6 20. Ne4 Bxf5
21. Nxf6+ Bxf6 22. Qxf5 Bh8 23. Qg4+ Bg7 24. Qxg7#
1-0

[Event "handjes wassen voor het eten tournooiup to  1200 r"]
[Site "SchemingMind.com"]
[Date "2018.07.11"]
[Round "-"]
[White "nammy"]
[Black "Robert Hatfield"]
[Result "0-1"]
[WhiteCountry "ENG"]
[BlackCountry "USA"]
[WhiteElo "837"]
[WhiteRD "78"]
[BlackElo "1886"]
[BlackRD "75"]
[GameID "430171"]

1. d4 Nf6 2. f3 d5 3. Nc3 g6 4. e3 Bg7 5. h3 O-O 6. Bd3 b6 7. Nge2 Bb7 8. O-O Nbd7 9. Ng3 c5 10. Qe2 c4
11. Re1 cxd3 12. cxd3 Qc7 13. Nf1 e5 14. Ng3 exd4 15. Nb1 Qxg3 16. Rf1 Qc7 17. Bd2 dxe3 18. Qxe3 Rfe8 19. Qf2 Rac8 20. Bc1 d4
21. Qxd4 Qc5 22. Qf2 Qxf2+ 23. Rxf2 Re1+ 24. Kh2 Rcxc1 25. Kg3 Nh5+ 26. Kh4 Bf6+ 27. Kg4 Ne5#
0-1

[Event "handjes wassen voor het eten tournooiup to  1200 r"]
[Site "SchemingMind.com"]
[Date "2018.07.11"]
[Round "-"]
[White "John Hamer"]
[Black "Robert Hatfield"]
[Result "1-0"]
[WhiteCountry "ENG"]
[BlackCountry "USA"]
[WhiteElo "2028"]
[WhiteRD "74"]
[BlackElo "1886"]
[BlackRD "75"]
[GameID "430172"]

1. d4 Nf6 2. Nc3 d5 3. Bg5 Nbd7 4. Nf3 g6 5. e3 Bg7 6. Bd3 O-O 7. O-O c5 8. Re1 b6 9. e4 dxe4 10. Bxe4 Nxe4
11. Rxe4 Nf6 12. Re3 Bb7 13. Rc1 Qc7 14. Nb5 Qc6 15. c4 e6 16. Rd3 Ne4 17. Be3 a6 18. Nc3 Nxc3 19. bxc3 cxd4 20. cxd4 Qe4
21. d5 exd5 22. cxd5 Rac8 23. Rxc8 Rxc8 24. d6 Rd8 25. Bxb6 Rd7 26. Bc7 Qc6 27. h3 Bf6 28. Qe1 Kg7 29. Rb3 Rxc7 30. dxc7 Qxc7
31. Qd2 Qc6 32. Qe3 a5 33. Rb6 Qd5 34. Qc1 Qe4 35. Qc7 Bd5 36. a3 Bd4 37. Rb8 Bf6 38. Qc5
1-0

[Event "handjes wassen voor het eten tournooiup to  1200 r"]
[Site "SchemingMind.com"]
[Date "2018.07.10"]
[Round "-"]
[White "Robert Hatfield"]
[Black "Chessibelle"]
[Result "1-0"]
[WhiteCountry "USA"]
[BlackCountry "ENG"]
[WhiteElo "1899"]
[WhiteRD "79"]
[BlackElo "1238"]
[BlackRD "58"]
[GameID "430173"]

1. c4 e5 2. Nc3 Nc6 3. Nf3 Nf6 4. d4 Bd6 5. d5 O-O 6. dxc6 dxc6 7. e4 c5 8. Be2 a6 9. O-O Re8 10. Bg5 b6
11. Nd5 c6 12. Bxf6 gxf6 13. Ne3 Be6 14. Qc2 Kf8 15. Nh4 Ke7 16. Nhf5+ Kd7 17. Nxd6 Rg8 18. Nef5 Rg6 19. Rad1 Qg8 20. Bf3 Rg5
21. Nxf7+ Kc7 22. Nxg5 Qxg5 23. Qd2 Qg8 24. Qd6+ Kb7 25. Qe7+
1-0

[Event "handjes wassen voor het eten tournooiup to  1200 r"]
[Site "SchemingMind.com"]
[Date "2018.07.11"]
[Round "-"]
[White "Robert Hatfield"]
[Black "Kwame"]
[Result "1-0"]
[WhiteCountry "USA"]
[BlackCountry "USA"]
[WhiteElo "1886"]
[WhiteRD "75"]
[BlackElo "977"]
[BlackRD "85"]
[GameID "430174"]

1. c4 c5 2. g3 Nf6 3. Bg2 d5 4. cxd5 Nxd5 5. Nc3 e6 6. Nxd5 exd5 7. Qb3 Nc6 8. Qxd5 Qe7 9. Nf3 Be6 10. Qe4 Rd8
11. O-O g6 12. a3 Nb8 13. d3 Nc6 14. Bf4 Qf6 15. Bg5 Qxb2 16. Bxd8 Nxd8 17. Rab1 Qxa3 18. Ra1 Bg7 19. Rxa3 f5 20. Qa4+ Kf7
21. Ng5+ Kf6 22. Nxe6 Nxe6 23. Qxa7 Nd4 24. e3 Nc6 25. Qxb7 Nd8 26. Ra6+ Kg5 27. Qxg7 Re8 28. Qf6+ Kh6 29. Ra7 Rg8 30. Qh4#
1-0

[Event "handjes wassen voor het eten tournooiup to  1200 r"]
[Site "SchemingMind.com"]
[Date "2018.07.11"]
[Round "-"]
[White "Robert Hatfield"]
[Black "Henk Miedema"]
[Result "1-0"]
[WhiteCountry "USA"]
[BlackCountry "NED"]
[WhiteElo "1899"]
[WhiteRD "79"]
[BlackElo "960"]
[BlackRD "73"]
[GameID "430175"]

1. c4 c5 2. g3 d5 3. cxd5 Qxd5 4. Nf3 Bf5 5. Nc3 Qe6 6. d4 Bg4 7. Bg2 Bf5 8. dxc5 Nc6 9. O-O Qh6 10. Bxh6 Nxh6
11. Nd5 Rc8 12. Nd4 Rd8 13. Nxf5 Nxf5 14. Nc7#
1-0